[Event "GER-ch U25-A"]
[Site "Willingen"]
[Date "2016.05.18"]
[Round "6"]
[White "Paskalev, Vasil"]
[Black "Salem Elier, Ali"]
[Result "0-1"]
[WhiteElo "1591"]
[BlackElo "1778"]
[PlyCount "38"]
[EventDate "2016.05.15"]
[EventType "swiss"]
[EventRounds "9"]
[EventCountry "GER"]
[SourceTitle "CBM 172 Extra"]
[Source "ChessBase"]
[SourceDate "2016.06.21"]
[SourceVersion "1"]
[SourceVersionDate "2016.06.21"]
[SourceQuality "1"]

1. e4 e5 2. Nf3 Nc6 3. Bc4 Nf6 4. Ng5 Bc5 5. Bxf7+ Ke7 6. Bb3 Rf8 7. Nc3 Bxf2+ 8. Kxf2 Nxe4+ 9. Kg1 Nxg5 10. d4 Nf7 11. dxe5 Ncxe5 12. Bf4 c6 13. Qe2 d6 14. Rd1 Bg4 15. Qf2 Bxd1 16. Bxf7 Nxf7 17. Qe1+ Kd7 18. Qxd1 Qb6+ 19. Kf1 Ne5 0-1